000 00608nam a2200241Ia 4500
005 20260320201152.0
008 008 262003s9999 xx 000 0 eng d
037 _aEBOOK
040 _aCRL
040 _beng
040 _cCRL
041 _2eng
041 _aeng
084 _qCRL
100 _aKartalopoulos
_91134053
245 0 _aUnderstanding Neural Networks and Fuzzy Logic: Basic Concepts and Applications
260 _bIEEE
260 _c1996
856 _uhttps://ieeexplore.ieee.org/servlet/opac?bknumber=5273099
942 _cEBOOK
999 _c1719360
_d1719360